00834 2200205 4500245006800000020002200068250001100090100001500101700001700116700001800133700001800151650001700169005001900186260003700205041001400242084001100256300002900267500032300296336000900619 aMembaca Nasionalisme - Nasionalisme IndonesiacSoewarsonohText a978-602-8608-73-2 aCet. 1 aSoewarsono aThung Ju Lan aTine Suartina aTitiek Tri I. aNasionalisme a20240506095442 aJakartabGading Inti Primac2012 aIndonesia a320.54 axxiv, 152 hlm. :c21 cm. aTentang nasionalisme ini didasari oleh rasa keprihatinan yang dalam tentang kondisi politik Indonesia yang sepertinya telah 'menyimpang' dari cita-cita ideal kebangsaan yang dicanangkan oleh the founding fathers, yang ditandai oleh upaya Aceh dan Papua untuk memproklamirkan kemerdekaan mereka terpisah dari Indonesia. atext